|
|
|
|
| LEADER |
00000naa0a2200000 4500 |
| 001 |
594246 |
| 005 |
20250203160024.0 |
| 035 |
|
|
|a (RuTPU)RU\TPU\tpu\8666
|
| 035 |
|
|
|a RU\TPU\tpu\8664
|
| 090 |
|
|
|a 594246
|
| 100 |
|
|
|a 20020522d1986 k y0rusy50 ca
|
| 101 |
0 |
|
|a rus
|
| 102 |
|
|
|a RU
|
| 200 |
1 |
|
|a Электрохимическое поведение электродов в генераторном режиме работы желудочно-кишечного стимулятора
|f О. И. Калесник, Ю. В. Борисов, С. Ф. Глущук
|
| 300 |
|
|
|a Деп. в ОНИИТЭХИМ, г. Черкассы, 27.11.86, № 1397-ХП-86.
|
| 463 |
|
|
|t Методы исследования в химии и химической технологии
|o материлы научно-практической конференции (Томск, 20-22 мая 1986)
|o секция "Электрохимические методы исследования и анализа"
|v С. 180-187
|d 1986
|
| 610 |
1 |
|
|a труды учёных ТПУ
|
| 700 |
|
1 |
|a Калесник
|b О. И.
|c кандидат технических наук
|c ХТФ
|f 1940-
|g Олег Иванович
|3 (RuTPU)RU\TPU\pers\3933
|
| 701 |
|
1 |
|a Борисов
|b Ю. В.
|c ХТФ
|3 (RuTPU)RU\TPU\pers\3934
|
| 701 |
|
1 |
|a Глущук
|b С. Ф.
|3 (RuTPU)RU\TPU\pers\3935
|
| 801 |
|
2 |
|a RU
|b 63413507
|c 20100129
|g PSBO
|
| 942 |
|
|
|c BK
|